Culture Générale - Série 419 - Statistiques

Statistiques générales
  • Ce quiz a été pris 532 fois
  • Le résultat moyen est 8 sur 10
Statistiques - réponses
Question Réponse % Correct
A quel scientifique français doit-on le vaccin contre la rage ? Louis Pasteur
97%
Lequel de ces acteurs n'a jamais interprété le personnage de Batman au cinéma : Christian Bale, Brad Pitt, Val Kilmer ou George Clooney ? Brad Pitt
91%
A quel peintre néerlandais du XIXe siècle doit-on la série des Tournesols ? Vincent Van Gogh
89%
Quel chanteur à lunettes est indissociable d'Alain Souchon ? Laurent Voulzy
82%
Complétez le titre de cette comédie musicale avec Marilyn Monroe : "Les hommes préfèrent... Les blondes
82%
Quel ragoût est la spécialité culinaire de Castelnaudary ? Le cassoulet
74%
Quelle ville de l'Aude est connue pour sa cité médiévale classée au Patrimoine mondial depuis 1997 ? Carcassonne
72%
Quelle actrice interprète Delphine aux côtés de Françoise Dorléac dans "Les Demoiselles de Rochefort" ? Catherine Deneuve
62%
Complétez cette expression : "Ménager la chèvre et le... Chou
60%
Dans quelle ville du Calvados peut-on admirer la tapisserie dite de la reine Mathilde représentant la conquête de l'Angleterre par les Normands ? Bayeux
50%
Aucun quiz correspondant
Distribution des résultats
% des personnes avec chaque résultat
Percentile par nombre de réponses
Votre historique - résultats
Vous n’avez pas pris ce quiz